00385nam a2200121Ia 45000010005000000080041000050820027000461000087000732450036001602600024001969010028002209990015002484483241024s9999 xx 000 0 und d aRD/379.07/R426s/2016/1 aRepública Dominicana. Ministerio de Educación. Consejo Nacional de Educación 0aSesión ordinaria (1era), 2016 bSanto Domingoc2016 a19/10/2016 3:02:06 p.m. c8309d8309